000 00595nam a2200241Ia 4500
003 OSt
005 20220924151324.0
006 a|||||r|||| 00| 0
007 ta
008 220923b |||||||| |||| 00| 0 tel d
020 _c15.00
024 _a337168
037 _cTextual
040 _aARTS
_cARTS
_btel
041 _2tel
_atel
082 _a035,4NCHx, M1
100 _aChandur Au.
_9224018
245 0 _aPrasnalu javabulu
260 _c1981
650 _aTELUGU LANGUAGE
_9155493
942 _h035,4NCHx, M1
_cTEXL
_2CC
999 _c466194
_d466194